Influence of Alfred Thayer Mahan on Japanese maritime strategy (Record no. 514762)

000 -LEADER
fixed length control field 00476nam a22001457a 4500
008 - FIXED-LENGTH DATA ELEMENTS--GENERAL INFORMATION
fixed length control field 201212b ||||| |||| 00| 0 eng d
100 ## - MAIN ENTRY--PERSONAL NAME
Personal name Bose, Himadri.
245 ## - TITLE STATEMENT
Title Influence of Alfred Thayer Mahan on Japanese maritime strategy
260 ## - PUBLICATION, DISTRIBUTION, ETC. (IMPRINT)
Place of publication, distribution, etc Journal of Defence Studies
300 ## - PHYSICAL DESCRIPTION
Extent 14(1-2), Jan-Jun, 2020: p.49-68
650 ## - SUBJECT ADDED ENTRY--TOPICAL TERM
Topical term or geographic name as entry element Pacific Ocean -- Strategic aspects.
9 (RLIN) 21726
773 ## - HOST ITEM ENTRY
Main entry heading Journal of Defence Studies
906 ## - LOCAL DATA ELEMENT F, LDF (RLIN)
Subject DIP SEA POWER - JAPAN
942 ## - ADDED ENTRY ELEMENTS (KOHA)
Item type Articles
Holdings
Withdrawn status Lost status Source of classification or shelving scheme Damaged status Not for loan Permanent location Current location Date acquired Serial Enumeration / chronology Barcode Date last seen Koha item type
          Indian Institute of Public Administration Indian Institute of Public Administration 2020-12-12 14(1-2), Jan-Jun, 2020: p.49-68 AR123639 2020-12-12 Articles

Powered by Koha